| 000 | 00891nam a2200229 i 4500 | ||
|---|---|---|---|
| 001 | 98071 | ||
| 003 | ES-MaACL | ||
| 005 | 20250824075622.0 | ||
| 007 | t| | ||
| 008 | 050721s1966 sp ||||1| spa d | ||
| 100 | 1 |
_aMarquerie, Alfredo, _d1907-1974 _976973 |
|
| 245 | 1 | 0 |
_aVersiones representables de teatro griego y latino / _cAlfredo Marquerie. |
| 260 |
_aMadrid : _bAguilar, _c1966. |
||
| 300 |
_a534 p., 8 lám. ; _c20 cm. |
||
| 490 | 1 | _aTeatro de Siempre | |
| 505 | 8 | _aContiene: Esquilo, La Orestiada. Sófocles, Ayax. Eurípides, Medea e Ifigenia. Aristófanes, Las nubes. Menandro, El discólo. Plauto, Los gemelos. Terencio, Formion. Seneca, Tiestes | |
| 650 | 7 |
_aTeatro griego _2embne _9136910 |
|
| 650 | 0 | 4 |
_aTeatro latino- _xHistoria y crítica. _917375 |
| 830 | 0 | 0 |
_aTeatro de siempre _9232314 |
| 852 |
_aES-MaACL _jC-56392 _bR.89104 |
||
| 999 |
_c98071 _d98071 |
||